000 00961nam a22002175i 4500
001 157187
003 ES-MaACL
005 20250812063126.0
008 990423s1874 fr |||| | fre d
040 _aCCPB | B
_bspa
_cCCPB | B
100 1 _aLasteyrie Du Saillant, Robert-Charles,
_cConde de,
_d1849-1921
_9128727
245 1 0 _aÉtude sur les comtes et vicomtes de Limoges antérieurs a l'an 1000 /
_cpar Robert de Lasteyrie.
260 _aParis :
_bLibrairie A. Franck,
_c1874 (
_ePoitiers :
_fImprimerie de A. Dupré)
300 _a152 p. ;
_c24 cm.
490 1 _aBibliothéque de l'école des hautes études. Sciences philologiques et historiques ;
_vfasc. 18
600 1 4 _aLimoges
_cCondes de.
_9146109
600 1 4 _aLimoges
_cVizcondes de.
_9146110
830 0 0 _aBibliothèque de l'École des Hautes Études. Sciences historiques et philologiques
_vfasc. 18
_9229685
852 _aES-MaACL
_jC-7562
_z-- Enc. hol.
999 _c157187
_d157187